Dinastie europee - Statistics

Statistiche generali
  • Questo quiz è stato fatto 28 volte
  • Il punteggio medio è 21 su 65
Statistiche sulle risposte
Paese Periodo Dinastia % Corretto
Regno di Sardegna / Regno d'Italia (1000) 1713-1946 Savoia
92%
Regno di Léon/ Regno di Castiglia / Regno di Spagna 1700-1808, 1813-68, 1874-1931, 1975-oggi Borbone
75%
Regni dei Franchi / Regno di Francia / Impero Francese 1589-1792, 1814-15, 1815-48 Borbone
75%
Regno di Sicilia / Regno di Napoli / Regno delle Due Sicilie 1713-20, 1735-1861 Borbone
75%
Regno del Portogallo 1580-1640 Asburgo
71%
Regno di Léon/ Regno di Castiglia / Regno di Spagna 1516-1700 Asburgo
71%
Regno di Sicilia / Regno di Napoli / Regno delle Due Sicilie 1516-1734 Asburgo
71%
Sacro Romano Impero / Impero Austriaco / Impero austro-ungarico 1273-91, 1298-1308, 1438-1740, 1765-1918 Asburgo
71%
Regno d'Ungheria 1445-57, 1526-1918 Asburgo
71%
Regno degli Anglosassoni / Regno d'Inghilerra / Regno Unito 1603-1649, 1660-1714 Stuart
67%
Regno di Scozia 1371-1649, 1660-1707 Stuart
67%
Regno degli Anglosassoni / Regno d'Inghilerra / Regno Unito 1485-1603 Tudor
67%
Regno degli Anglosassoni / Regno d'Inghilerra / Regno Unito 1901-oggi Windsor (Sassonia-Coburgo-Gotha)
67%
Impero Russo 1613-1917 Romanov
58%
Regno degli Anglosassoni / Regno d'Inghilerra / Regno Unito 1154-1485 Plantageneti
54%
Regni dei Franchi / Regno di Francia / Impero Francese 751-987 Carolingi
50%
Sacro Romano Impero / Impero Austriaco / Impero austro-ungarico 800-87, 896-99 Carolingi
50%
Regni dei Franchi / Regno di Francia / Impero Francese 1804-14, 1815, 1852-70 Bonaparte
46%
Regni dei Franchi / Regno di Francia / Impero Francese 987-1328 Capetingi
46%
Regno di Sicilia / Regno di Napoli / Regno delle Due Sicilie 1198-1266 Hohenstaufen
42%
Sacro Romano Impero / Impero Austriaco / Impero austro-ungarico 1138-1208, 1215-54 Hohenstaufen
42%
Regno di Sicilia / Regno di Napoli / Regno delle Due Sicilie 1266-1442 Angiò
38%
Regno d'Ungheria 1309-95 Angiò
38%
Regno degli Anglosassoni / Regno d'Inghilerra / Regno Unito 1066-1135 Normanni
38%
Regno del Belgio 1831-oggi Sassonia-Coburgo-Gotha
38%
Regno di Bulgaria (1887) 1908-46 Sassonia-Coburgo-Gotha
38%
Regno dei Paesi Bassi 1747-95, 1815-oggi Orange-Nassau
33%
Sacro Romano Impero / Impero Austriaco / Impero austro-ungarico 962-1024 Ottoniani
33%
Regno di Sicilia / Regno di Napoli / Regno delle Due Sicilie (1043) 1130-1198 Altavilla
29%
Regno degli Anglosassoni / Regno d'Inghilerra / Regno Unito 1714-1901 Hannover
29%
Regno degli Anglosassoni / Regno d'Inghilterra / Regno Unito (VI sec.) 886-1016, 1042-66 Wessex
29%
Regno di Sicilia / Regno di Napoli / Regno delle Due Sicilie 1282-1410 Barcellona
21%
Regno del Portogallo 1640-1910 Braganza
21%
Regno di Prussia / Impero Tedesco (1525) 1701-1918 Hohenzollern
21%
Regno di Romania 1881-1947 Hohenzollern-Sigmaringen
21%
Regno di Norvegia 1818-1905 Bernadotte
17%
Regno di Svezia 1818-oggi Bernadotte
17%
Regno degli Anglosassoni / Regno d'Inghilerra / Regno Unito 1016-42 Gorm
17%
Regno di Danimarca 935-1042 Gorm
17%
Regno d'Ungheria 1440-44, 1490-1526 Jagelloni
17%
Regno di Polonia 1386-1572 Jagelloni
17%
Regno di Danimarca 1863-oggi Schleswig-Holstein-Sonderburg-Glucksburg
17%
Regno di Norvegia 1905-oggi Schleswig-Holstein-Sonderburg-Glucksburg
17%
Regno di Grecia 1863-1924, 1935-73 Schleswig-Holstein-Sonderburg-Glucksburg
17%
Regno di Léon/ Regno di Castiglia / Regno di Spagna 1369-1516 Trastamara
17%
Regno di Sicilia / Regno di Napoli / Regno delle Due Sicilie 1412-1555 Trastamara
17%
Regni dei Franchi / Regno di Francia / Impero Francese 1328-1589 Valois
17%
Regno del Portogallo 1385-1580 Aviz
13%
Regno di Scozia 1306-1371 Bruce
13%
Regno di Svezia 1523-1654 Vasa
13%
Regno d'Ungheria 896-1038, 1046-1301 Arpadi
8%
Regno di Svezia 1751-1818 Holstein-Gottorp
8%
Regno di Serbia / Regno di Iugoslavia (1804-14) 1842-58, 1903-45 Karageorgevic
8%
Regno di Danimarca 1448-1863 Oldenburg
8%
Regno di Norvegia 1450-1814 Oldenburg
8%
Regno di Svezia 1457-64,1497-1501, 1520-21 Oldenburg
8%
Impero Russo (862) 1547-98 Rurikidi
8%
Regno di Baviera (1180) 1806-1918 Wittelsbach
8%
Regno di Léon/ Regno di Castiglia / Regno di Spagna 1126-1369 Anscarici
4%
Regno di Norvegia 872-970, 995-1000, 1015-28, 1035-1319 Bellachioma
4%
Regno del Portogallo 1139-1385 Borgogna
4%
Regno di Léon/ Regno di Castiglia / Regno di Spagna (905) 1032-1126 Jiménez
4%
Regno di Serbia / Regno di Iugoslavia 1815-42, 1858-1903 Obrenovic
4%
Sacro Romano Impero / Impero Austriaco / Impero austro-ungarico 1024-1125 Salii
4%
Regno di Danimarca 1047-1375, 1387-1412 Ufingi
4%
Nessun quiz corrispondente trovato
Distribuzione punteggi
Percentuale di utenti per punteggio
Percentile per numero di risposta
I tuoi punteggi nel tempo
Non hai fatto questo quiz